| 000 | 00876nam a2200325 a 4500 | ||
|---|---|---|---|
| 003 | AR-BaBNM | ||
| 005 | 20251128203215.0 | ||
| 008 | 082120s2002 ||||||||||||||000 | spa|| | ||
| 040 | _cAR-BaBNM | ||
| 100 | 1 | _aShuster, George N. | |
| 245 | 0 | 0 | _aCon mi silencio hablo |
| 260 |
_aBuenos Aires _bAgora _c1960 |
||
| 300 |
_a333 p. _bil. |
||
| 490 | 0 | _aTemas actuales | |
| 500 | _aLa historia del Cardenal Mindszenty, primado de Hungría, durante el régimen comunista | ||
| 600 | 1 | 4 | _aMindszenty, Joséph |
| 650 | 4 | _aBIOGRAFIAS | |
| 650 | 4 | _aCATOLICISMO | |
| 650 | 4 | _aIGLESIA Y ESTADO | |
| 650 | 4 | _aCOMUNISMO | |
| 650 | 4 | _aPOLITICA | |
| 650 | 4 | _aHISTORIA | |
| 651 | 4 | _aHungría | |
| 651 | 4 | _aEuropa | |
| 655 | _aBIOGRAFIAS | ||
| 700 | 1 |
_aRovira Armengol, José _etraductor |
|
| 800 | 1 |
_aTorfano, José Ricardo _edirector |
|
| 942 | _cBK | ||
| 998 | _cEnrique | ||
| 999 |
_c2387 _d2387 |
||